000
00340nam a22001457a 4500
008
221208b ||||| |||| 00| 0 eng d
020
_a
9780078096075
041
_a
eng
080
_2
SECOND EDITION
_a
339.9
082
_a
339.9REI
100
_a
24.1
101
_a
GEOLO
245
_a
ENVIRONMENTAL GEOLOGY
_c
REICHARD S.J
942
_2
udc
_c
BK
999
_c
59140
_d
59140